[Event "Senta op-A 10th"]
[Site "Senta"]
[Date "2006.07.22"]
[Round "2"]
[White "Telek, Gabor"]
[Black "Farkas, Tibor"]
[Result "0-1"]
[WhiteElo "2155"]
[BlackElo "2313"]
[PlyCount "62"]
[EventDate "2006.07.21"]
[EventType "swiss"]
[EventRounds "9"]
[EventCountry "YUG"]
[SourceTitle "CBM 113 Extra"]
[Source "ChessBase"]
[SourceDate "2006.09.14"]
[SourceVersion "1"]
[SourceVersionDate "2006.09.14"]
[SourceQuality "1"]

1. e4 c5 2. d4 cxd4 3. c3 dxc3 4. Nxc3 e6 5. Nf3 a6 6. Bc4 Ne7 7. Bg5 h6 8. Bh4 b5 9. Bb3 Qb6 10. Rc1 Bb7 11. 0-0 d6 12. Qe2 Nd7 13. Rfd1 Ng6 14. Bg3 Rd8 15. Nd4 Nc5 16. Bxe6 Nxe6 17. Nxe6 fxe6 18. Qh5 Kf7 19. Rd3 Be7 20. Re1 b4 21. Nd5 exd5 22. exd5 Bf6 23. Bf4 Rhe8 24. Be3 Qb5 25. Red1 Re5 26. Qf3 Rde8 27. g3 Qc4 28. Bf4 Nxf4 29. gxf4 Re1+ 30. Rxe1 Rxe1+ 31. Kg2 Qe4 0-1

[Event "HUN-chT2 Erkel 0506"]
[Site "Hungary"]
[Date "2006.04.23"]
[Round "11"]
[White "Mizsei, Janos"]
[Black "Telek, Gabor"]
[Result "0-1"]
[WhiteElo "2157"]
[BlackElo "2186"]
[PlyCount "68"]
[EventDate "2005.10.16"]
[EventType "team"]
[EventRounds "11"]
[EventCountry "HUN"]
[SourceTitle "EXT 2009"]
[Source "ChessBase"]
[SourceDate "2008.11.26"]
[SourceVersion "1"]
[SourceVersionDate "2008.11.26"]
[SourceQuality "1"]
[WhiteTeam "Szekuritas"]
[BlackTeam "Ujszasz"]
[WhiteTeamCountry "HUN"]
[BlackTeamCountry "HUN"]

1. Nf3 g6 2. d4 Bg7 3. e4 d6 4. Be2 Nf6 5. Nc3 0-0 6. 0-0 a6 7. h3 b5 8. e5 Nfd7 9. Bf4 Nc6 10. exd6 cxd6 11. Qd2 Bb7 12. Bh6 Nf6 13. Bxg7 Kxg7 14. a3 Rc8 15. Rfe1 Na5 16. Qe3 e6 17. Nd2 Qb6 18. b4 Qc6 19. Nce4 Nxe4 20. Bf3 Nc4 21. Nxc4 Qxc4 22. Bxe4 Bxe4 23. Qxe4 Qxc2 24. Qf4 Qc6 25. Rac1 Qd5 26. Rxc8 Rxc8 27. Qe3 Rc4 28. Rc1 Rxc1+ 29. Qxc1 Qxd4 30. Qc6 Qa1+ 31. Kh2 Qxa3 32. Qxd6 Qc3 33. Qc5 Qxc5 34. bxc5 Kf6 0-1

[Event "HUN-chT2 Erkel 0506"]
[Site "Hungary"]
[Date "2005.11.13"]
[Round "3"]
[White "Telek, Gabor"]
[Black "Frank, Jozsef"]
[Result "1/2-1/2"]
[WhiteElo "2186"]
[BlackElo "2008"]
[PlyCount "85"]
[EventDate "2005.10.16"]
[EventType "team"]
[EventRounds "11"]
[EventCountry "HUN"]
[SourceTitle "EXT 2009"]
[Source "ChessBase"]
[SourceDate "2008.11.26"]
[SourceVersion "1"]
[SourceVersionDate "2008.11.26"]
[SourceQuality "1"]
[WhiteTeam "Ujszasz"]
[BlackTeam "Dunaharaszti II"]
[WhiteTeamCountry "HUN"]
[BlackTeamCountry "HUN"]

1. e4 e6 2. d4 d5 3. Nc3 dxe4 4. Nxe4 Nf6 5. Nxf6+ Qxf6 6. Nf3 h6 7. Bd3 Bd7 8. Qe2 Bd6 9. Bd2 Bc6 10. Be4 Bxe4 11. Qxe4 c6 12. Ne5 Bxe5 13. dxe5 Qf5 14. Qxf5 exf5 15. Bb4 Nd7 16. Bd6 0-0-0 17. 0-0-0 Nf8 18. Rd3 Ne6 19. h4 Rd7 20. g3 Rhd8 21. Rhd1 Nc7 22. Be7 Rxd3 23. Rxd3 Rxd3 24. cxd3 Kd7 25. Bd6 Ne8 26. Bb8 b6 27. a4 Kc8 28. e6 fxe6 29. Be5 g6 30. Kd2 Kd7 31. Ke3 Nd6 32. Bg7 Nf7 33. Kd4 c5+ 34. Kc4 Kc6 35. b4 cxb4 36. Kxb4 a6 37. Kc4 e5 38. f4 b5+ 39. axb5+ axb5+ 40. Kc3 Kd5 41. fxe5 Nxe5 42. Bxh6 Nf3 43. Be3 1/2-1/2

[Event "HUN-chT2 Erkel 0405"]
[Site "Hungary"]
[Date "2004.12.19"]
[Round "6"]
[White "Horvath, Kalman"]
[Black "Telek, Gabor"]
[Result "0-1"]
[WhiteElo "2147"]
[BlackElo "2176"]
[PlyCount "96"]
[EventDate "2004.09.26"]
[EventType "team"]
[EventRounds "11"]
[EventCountry "HUN"]
[SourceTitle "EXT 2009"]
[Source "ChessBase"]
[SourceDate "2008.11.26"]
[SourceVersion "1"]
[SourceVersionDate "2008.11.26"]
[SourceQuality "1"]
[WhiteTeam "Vaci"]
[BlackTeam "Ujszasz"]
[WhiteTeamCountry "HUN"]
[BlackTeamCountry "HUN"]

1. e4 c5 2. Nf3 d6 3. d4 cxd4 4. Nxd4 Nf6 5. Bd3 Nc6 6. Nxc6 bxc6 7. b3 g6 8. 0-0 Bg7 9. Bb2 0-0 10. Nd2 a5 11. a4 e5 12. Nc4 Be6 13. Ba3 Bxc4 14. bxc4 c5 15. Qd2 Qc7 16. Rfb1 Rfb8 17. Rb5 Rxb5 18. axb5 Nd7 19. Bb2 a4 20. Ra3 Bf8 21. Qe1 Be7 22. Qa1 Nb6 23. Qc1 Re8 24. Be2 Qd8 25. Rh3 Bg5 26. Qa1 Qd7 27. Bc3 Ra8 28. Be1 Qe6 29. Qa2 f5 30. exf5 Qxf5 31. Rf3 Qe4 32. Kf1 Qh4 33. h3 e4 34. Rg3 Qf4 35. Rg4 Qh2 36. Bd1 Bf6 37. Bd2 Rf8 38. Bf4 Qh1+ 39. Ke2 Bc3 40. Bd2 Bxd2 41. Kxd2 Rxf2+ 42. Be2 Rxg2 43. Rxe4 Qxh3 44. Re8+ Kf7 45. Rb8 Qh6+ 46. Ke1 Qc1+ 47. Bd1 Qe3+ 48. Kf1 Qf2# 0-1

[Event "Nyiregyhaza op"]
[Site "Nyiregyhaza"]
[Date "2004.07.16"]
[Round "7"]
[White "Telek, Gabor"]
[Black "Bodrogi, Laszlo"]
[Result "1-0"]
[WhiteElo "2176"]
[BlackElo "2079"]
[PlyCount "123"]
[EventDate "2004.07.10"]
[EventType "swiss"]
[EventRounds "9"]
[EventCountry "HUN"]
[SourceTitle "EXT 2008"]
[Source "ChessBase"]
[SourceDate "2007.11.25"]
[SourceVersion "1"]
[SourceVersionDate "2007.11.25"]
[SourceQuality "1"]

1. e4 e6 2. d4 d5 3. Nc3 Bb4 4. e5 c5 5. a3 Bxc3+ 6. bxc3 Ne7 7. Qg4 cxd4 8. Qxg7 Rg8 9. Qxh7 Qc7 10. Ne2 dxc3 11. f4 Nbc6 12. Qd3 Bd7 13. Nxc3 a6 14. Rb1 Na5 15. h3 Rc8 16. Ne2 Qxc2 17. Qxc2 Rxc2 18. Nd4 Rc7 19. g4 Nac6 20. Be3 Nxd4 21. Bxd4 Ng6 22. Be3 d4 23. Bd2 Bc6 24. Rg1 Nh4 25. Be2 d3 26. Bxd3 Nf3+ 27. Ke2 Nxg1+ 28. Rxg1 Bb5 29. Bxb5+ axb5 30. h4 Kf8 31. h5 Kg7 32. g5 Rd8 33. Rc1 Rxc1 34. Bxc1 Rd4 35. Ke3 Rd1 36. Bd2 Rh1 37. h6+ Kg6 38. Kd3 Rh3+ 39. Be3 Kf5 40. Kd4 Rg3 41. Kd3 b6 42. Kd4 Rg2 43. Kd3 Ra2 44. Bc1 Kg4 45. Kc3 Re2 46. Kd3 Kf3 47. Bd2 Rh2 48. Bc1 Rh1 49. f5 exf5 50. e6 fxe6 51. g6 e5 52. g7 Rxc1 53. g8Q e4+ 54. Kd4 Rc4+ 55. Qxc4 bxc4 56. h7 e3 57. h8Q e2 58. Qh5+ Kf2 59. Qxf5+ Ke1 60. Kxc4 b5+ 61. Kxb5 Kd2 62. Qe4 1-0